<?xml version="1.0" encoding="UTF-8"?>
<record
    xmlns:xsi="http://www.w3.org/2001/XMLSchema-instance"
    xsi:schemaLocation="http://www.loc.gov/MARC21/slim http://www.loc.gov/standards/marcxml/schema/MARC21slim.xsd"
    xmlns="http://www.loc.gov/MARC21/slim">

  <leader>00859nam a22002057a 4500</leader>
  <controlfield tag="003">KOHA_M&#x130;RAKIL</controlfield>
  <controlfield tag="005">20260413122032.0</controlfield>
  <controlfield tag="008">260413b        tu ||||| |||| 00| 0 tur d</controlfield>
  <datafield tag="040" ind1=" " ind2=" ">
    <subfield code="a">TR-AnABB</subfield>
    <subfield code="b">tur</subfield>
    <subfield code="c">TR-AnABB</subfield>
  </datafield>
  <datafield tag="041" ind1=" " ind2=" ">
    <subfield code="a">tur</subfield>
  </datafield>
  <datafield tag="082" ind1=" " ind2=" ">
    <subfield code="a">711.40605645</subfield>
    <subfield code="b">GAZ 1999</subfield>
  </datafield>
  <datafield tag="111" ind1="1" ind2=" ">
    <subfield code="a">Gazima&#x11F;usa Sempozyumu </subfield>
    <subfield code="d">(1999 : </subfield>
    <subfield code="c">Gazima&#x11F;usa)</subfield>
    <subfield code="9">3369</subfield>
  </datafield>
  <datafield tag="245" ind1="1" ind2="0">
    <subfield code="a">Gazima&#x11F;usa Sempozyumu 25-28 Ekim 1999, Gazima&#x11F;usa /</subfield>
    <subfield code="c">Do&#x11F;u Akdeniz &#xDC;niversitesi</subfield>
  </datafield>
  <datafield tag="260" ind1=" " ind2=" ">
    <subfield code="a">Gazima&#x11F;usa :</subfield>
    <subfield code="b">Do&#x11F;u Akdeniz &#xDC;niversitesi, </subfield>
    <subfield code="c">1999</subfield>
  </datafield>
  <datafield tag="300" ind1=" " ind2=" ">
    <subfield code="a">282 sayfa ; </subfield>
    <subfield code="c">24 cm</subfield>
  </datafield>
  <datafield tag="505" ind1=" " ind2=" ">
    <subfield code="a">&#x130;&#xE7;indekiler: Fiziki ve Turizm planlama stratejileri - Altyap&#x131; ve tarihi geli&#x15F;im stratejileri - Kentsel b&#xFC;y&#xFC;me stratejileri - Koruma ve canland&#x131;rma stratejileri - Kentsel ekonomi stratejileri </subfield>
  </datafield>
  <datafield tag="650" ind1="0" ind2="4">
    <subfield code="a">&#x15E;ehir planlama</subfield>
  </datafield>
  <datafield tag="650" ind1="0" ind2="4">
    <subfield code="a">&#x15E;ehir planlama, K&#x131;br&#x131;s</subfield>
  </datafield>
  <datafield tag="942" ind1=" " ind2=" ">
    <subfield code="2">ddc</subfield>
    <subfield code="c">BK</subfield>
  </datafield>
  <datafield tag="952" ind1=" " ind2=" ">
    <subfield code="0">0</subfield>
    <subfield code="1">0</subfield>
    <subfield code="2">ddc</subfield>
    <subfield code="7">0</subfield>
    <subfield code="a">RUK</subfield>
    <subfield code="b">RUK</subfield>
    <subfield code="d">2026-04-13</subfield>
    <subfield code="l">0</subfield>
    <subfield code="o">711.40605645 GAZ 1999</subfield>
    <subfield code="p">RK7016</subfield>
    <subfield code="r">2026-04-13 12:21:46</subfield>
    <subfield code="w">2026-04-13</subfield>
    <subfield code="y">BK</subfield>
  </datafield>
  <datafield tag="999" ind1=" " ind2=" ">
    <subfield code="c">10198</subfield>
    <subfield code="d">10198</subfield>
  </datafield>
  <datafield tag="900" ind1=" " ind2=" ">
    <subfield code="b">Can &#xC7;ELIK</subfield>
  </datafield>
</record>
